000 00529nam a22001697a 4500
008 221103b |||||||| |||| 00| 0 eng d
040 _aNational Science Library
_cNational Science Library
080 _a543.8
_bH0
100 _aShriner, Ralph L
_98424
245 _aSystematic identification of organic compounds:
_bA laboratory manual
250 _a2nd ed.
260 _aNew York:
_bJohn Wiley & Sons, Inc.,
_c1940
300 _axi, 312p.
650 _aChemistry, organic
700 _aFuson, Reynold C
942 _2udc
_cBK
999 _c27670
_d27670